Valuation information alert (Record no. 109695)

MARC details
000 -LEADER
fixed length control field 01097cad a22002295a 4500
001 - CONTROL NUMBER
control field E147707
008 - FIXED-LENGTH DATA ELEMENTS--GENERAL INFORMATION
fixed length control field 090605e20090528xxk f 000 0 eng d
035 ## - SYSTEM CONTROL NUMBER
System control number (Sirsi) u147707
041 0# - LANGUAGE CODE
Language code of text/sound track or separate title eng
050 04 - LIBRARY OF CONGRESS CALL NUMBER
Classification number 333.332 $2 19
110 2# - MAIN ENTRY--CORPORATE NAME
Corporate name or jurisdiction name as entry element Royal Institution of Chartered Surveyors
Subordinate unit Valuation Professional Group
9 (RLIN) 5719
245 00 - TITLE STATEMENT
Title Valuation information alert
Remainder of title guidance to lenders and valuers when conducting loan security valuation reviews
Medium [electronic resource]
260 ## - PUBLICATION, DISTRIBUTION, ETC.
Place of publication, distribution, etc. London
Name of publisher, distributor, etc. RICS
Date of publication, distribution, etc. 2009
490 #0 - SERIES STATEMENT
Series statement Valuation Information Alert
520 ## - SUMMARY, ETC.
Summary, etc. Aimed primarily at commercial property, this Valuation Information Alert gives guidance to both valuers and lenders on the advice that can be provided when conducting loan security valuation reviews in circumstances when values are changing rapidly.
521 ## - TARGET AUDIENCE NOTE
Target audience note Advanced
590 ## - LOCAL NOTE (RLIN)
Local note KA
651 #4 - SUBJECT ADDED ENTRY--GEOGRAPHIC NAME
Geographic name United Kingdom
Chronological subdivision
690 ## - LOCAL SUBJECT ADDED ENTRY--TOPICAL TERM (OCLC, RLIN)
Topical term or geographic name as entry element PROPERTY-PROPERTY APPRAISAL AND VALUATION
856 40 - ELECTRONIC LOCATION AND ACCESS
Uniform Resource Identifier <a href="https://www.rics.org/Global/Downloads/Valuation_Information_Alert_final_jun_09.pdf">https://www.rics.org/Global/Downloads/Valuation_Information_Alert_final_jun_09.pdf</a>
Public note View the information alart at www.rics.org...
942 ## - ADDED ENTRY ELEMENTS (KOHA)
Suppress in OPAC 0
Holdings
Withdrawn status Lost status Source of classification or shelving scheme Damaged status Not for loan Home library Current library Shelving location Date acquired Total Checkouts Full call number Barcode Date last seen Copy number Price effective from Koha item type
    Dewey Decimal Classification     Virtual Virtual Online 05/06/2009   ONLINE PUBLICATION 147707-2001 06/08/2019 1 06/08/2019 Book